| 000 | 00700nam a2200193 a 4500 | ||
|---|---|---|---|
| 003 | 0 | ||
| 005 | 20250404114457.0 | ||
| 008 | 071126s19uu xx 00 eng d | ||
| 050 |
_aPHS LC 191.94 _b.S44 2007 |
||
| 100 | _aSee, Raymond C. | ||
| 245 |
_aThe association between monthly income and college course preference / _cRaymond C. See. |
||
| 260 |
_aLas PiƱas City, Philippines : _bSouthville International School and Colleges, _c2007. |
||
| 300 |
_a32 pages : _billustrations ; _c28 cm. |
||
| 504 | _aIncludes bibliographical references. | ||
| 650 |
_aCollege students _xEconomic conditions. |
||
| 650 |
_aEducation _xEconomic aspects. |
||
| 650 |
_aIncome _xSocial aspects. |
||
| 942 |
_2lcc _cPASS |
||
| 999 |
_c97884 _d97884 |
||